UBT Library

Applied economics : (Record no. 948)

000 -LEADER
fixed length control field 00593nam a22002177a 4500
008 - FIXED-LENGTH DATA ELEMENTS--GENERAL INFORMATION
fixed length control field 150601b xxu||||| |||| 00| 0 eng d
020 ## - INTERNATIONAL STANDARD BOOK NUMBER
International Standard Book Number 9780465003457
041 0# - LANGUAGE CODE
Language code of text/sound track or separate title eng
080 ## - UNIVERSAL DECIMAL CLASSIFICATION NUMBER
Universal Decimal Classification number 33
100 1# - Rafti
Rafti Sowell, Thomas,
245 10 - TITLE STATEMENT
Title Applied economics :
Statement of responsibility, etc Thomas Sowell.
250 ## -
-- Rev. and enl. ed.
260 ## -
-- New York :
-- Basic Books,
-- c2009.
300 ## -
-- 336 f. ;
-- 25 cm.
500 ## -
-- Preface: f. vii-viii
505 ## -
-- Index: f. 321-336
650 ## -
-- Ekonomiks
650 ## -
-- Politika Ekonomike
650 ## -
-- Zhvillimi Ekonomik
942 ## - ADDED ENTRY ELEMENTS (KOHA)
Source of classification or shelving scheme
Item type Books
Holdings
Withdrawn status Lost status Source of classification or shelving scheme Damaged status Not for loan Collection code Permanent location Current location Shelving location Date acquired Total Checkouts Full call number Date last seen Price effective from Koha item type Barcode
          Koleksioni i përgjithshem UBT - Lipjan UBT - Lipjan Koleksioni i përgjithshem 10/22/2018   330 SOW 10/22/2018 10/22/2018 Books 002-3015616
          Koleksioni i përgjithshem UBT - Prishtine UBT - Prishtine Koleksioni i përgjithshem 06/01/2015   33 SOW 06/01/2015 06/01/2015 Books  
UBT Library © 2015-2024. All rights reserved University Education for Business and Technology